Historia fisica y politica de Chile. Segun documentos adquiridos en esta república durante doce años de residencia en ella y publicada bajo los auspicios del supremo gobierno por Claudio Gay, ciudadano chileno, individuo de varias sociedades cientificas y estrangeras, caballero de la Legion de Honor. Botanica
Guardat en:
| Autor principal: | |
|---|---|
| Format: | Llibre |
| Idioma: | espanyol |
| Publicat: |
Santiago
Museo de Historia Natural de Santiago
1842
|
| Edició: | 1a. ed |
| Matèries: | |
| Etiquetes: |
Afegir etiqueta
Sense etiquetes, Sigues el primer a etiquetar aquest registre!
|
MARC
| LEADER | 00000nam a2200000 a 4500 | ||
|---|---|---|---|
| 001 | UCJ7080 | ||
| 003 | CL-VaPUC | ||
| 008 | 070124e18420000CL |||||||||||||||||spa|d | ||
| 082 | 0 | 4 | |a 983 |b GAY |2 21 |
| 100 | |a Gay, Claudio, |e 1800-1873 |9 435569 | ||
| 245 | 1 | 0 | |a Historia fisica y politica de Chile. Segun documentos adquiridos en esta república durante doce años de residencia en ella y publicada bajo los auspicios del supremo gobierno por Claudio Gay, ciudadano chileno, individuo de varias sociedades cientificas y estrangeras, caballero de la Legion de Honor. Botanica |
| 250 | |a 1a. ed | ||
| 300 | |a 8 v | ||
| 942 | |c BK | ||
| 945 | |d 20070124 00:00:00 |a rinostro | ||
| 260 | |a Santiago |b Museo de Historia Natural de Santiago |c 1842 | ||
| 500 | |a 8§ mayor, media pasta.- Anteport.- v.: pié de imprenta.- Port.- v. en b.- La obra de Gay consta de 28 volúmenes de texto y dos de ilustraciones conocidos como Atlas de Gay.- De los 28 vols. de texto, 8 corresponden a Botánica y de estos 8, en Biblioteca se encuentran los vols. 1, 7 y 8.- Las ilustraciones correspondientes a los 8 vols. de Botánica se encuentran en el vol. primero de los Atlas | ||
| 650 | 0 | |a Botánica |9 264202 | |
| 650 | 7 | |a SISTEMATICA |2 CL-VaPUC |9 505975 | |
| 650 | 7 | |a FLORA |2 CL-VaPUC |9 264745 | |
| 650 | 7 | |a DESCRIPCION BIBLIOFILICA |2 CL-VaPUC |9 504580 | |
| 650 | 0 | |a Ilustraciones |9 369481 | |
| 650 | 7 | |a LIBRO RARO |2 CL-VaPUC |9 504169 | |
| 583 | |a last modification |c 20070124 00:00:00 |k Rodrigo Vera | ||
| 999 | |c 323180 |d 323178 | ||
| 952 | |0 0 |1 0 |4 0 |6 983_000000000000000_GAY_1842 |7 0 |8 X |9 402565 |a FDOBUD |b FDOBUD |d 2019-11-22 |h v.1 |i 1058193 |o 983 GAY 1842 |p 1058193 |r 2019-11-22 |w 2019-11-22 |y BK_X |k BUD | ||
| 952 | |0 0 |1 0 |4 0 |6 983_000000000000000_GAY_1842 |7 0 |8 X |9 402566 |a FDOBUD |b FDOBUD |d 2019-11-22 |h v.7 |i 1058207 |o 983 GAY 1842 |p 1058207 |r 2019-11-22 |w 2019-11-22 |y BK_X |k BUD | ||
| 952 | |0 0 |1 0 |4 0 |6 983_000000000000000_GAY_1842 |7 0 |8 X |9 402567 |a FDOBUD |b FDOBUD |d 2019-11-22 |h v.8 |i 1058215 |o 983 GAY 1842 |p 1058215 |r 2019-11-22 |w 2019-11-22 |y BK_X |k BUD | ||